000 00351nam a2200145Ia 4500
008 191201s2005 xx 000 0 und d
082 _a510
_bKAM
100 _aKAMBO, N S
245 0 _aMathematical Programming Techniques
250 _aRev
260 _aN.Delhi
_bEast West Press Pvt Ltd
_c2005
300 _a736
650 _aApplied
942 _2ddc
_cBK
999 _c982
_d982